• 首页
  • 本馆介绍
  • 公告通知
  • 最新文献
  • 馆藏检索
  • 电子资源
  • 读者导购
  • 参考咨询
  • 我的图书馆
  • 登录
  • 详细信息显示
  • 放入我的书架
  • 预约/预借图书
  • 作者相关作品
  • 分类相关作品
  • 丛书相关作品
  • 出版社相关作品

书目信息

  • 表格格式
  • 工作单格式
  • 卡片格式
题名:
建国以来政治经济学重要问题争论
    
 
作者: ;经济研究编辑部编 , 经济学动态编辑部 编
分册:  
出版信息: 北京   中国财政经济出版社  1981
页数: 463页
开本: 21cm
丛书名:
单 册:
中图分类: F04 , F0
科图分类:
主题词: 社会主义政治经济学--研究--中国--1949~1980--文集 , 政治经济学
电子资源:
ISBN:
000 00844nam0 2200253 450
001 1554333355
005 20150118150553.35
010    @dCNY1.45
091    @a3166.045
100    @a19950403d1981 kemy0chiy0110 ea
101 0  @achi
102    @aCN@b110000
105    @ay z 000yy
200 1  @a建国以来政治经济学重要问题争论@9jian guo yi lai zheng zhi jing ji xue zhong yao wen ti zheng lun@e1949—1980@f《经济研究》编辑部,《经济学动态》编辑部编
210    @a北京@c中国财政经济出版社@d1981
215    @a463页@d21cm
606 0  @a社会主义政治经济学@x研究@y中国@z1949~1980@x文集
606 0  @a政治经济学
690    @aF04@v5
690    @aF0@v4
711 02 @a经济研究编辑部编@9jing ji yan jiu bian ji bu bian@4编
711 02 @a经济学动态编辑部@9jing ji xue dong tai bian ji bu@4编
801  0 @aCN@bTSSF@c20150115
905    @aZUCC@dF0@eJY27
    
    建国以来政治经济学重要问题争论:1949—1980/《经济研究》编辑部,《经济学动态》编辑部编.-北京:中国财政经济出版社,1981
    463页;21cm
    
    
    ISBN :CNY1.45
    
●
相关链接 在E读中查询图书 在五车中查询图书 在当当中查询图书 在豆瓣中查询图书


正题名:建国以来政治经济学重要问题争论     索取号:F0/JY27         预约/预借

序号 登录号 条形码 馆藏地/架位号 状态 备注
1 7835738   278357387   学院路分馆/ [索取号:F0/JY27] 在馆    
唐山师范学院图书馆 欢迎您!
大连网信软件有限公司© 版权所有